Fußball Top 10 #2 (meiste Spiele mit Ronaldo) - Statistiken

Allgemein
  • Dieses Quiz wurde 402 mal gespielt
  • Das Durchschnittsergebnis liegt bei 6 aus 10
Antwortstatistiken
Platz Spiele mit C. Ronaldo Mitspieler von C. Ronaldo % Korrekt
2 342 Karim Benzema
92%
3 339 Sergio Ramos
89%
7 222 Luka Modric
86%
1 348 Pepe
76%
4 332 Marcelo
71%
6 228 Iker Casillas
66%
5 231 Raphaël Varane
37%
10 208 Xabi Alonso
22%
8 221 Rio Ferdinand
21%
9 215 John O'Shea
3%
Keine übereinstimmenden Quizze gefunden
Verteilung der Resultate
Anzahl Personen mit jedem Resultat
Perzentil nach korrekt beantworteten Fragen
Ihre Resultats-Entwicklung
Sie haben dieses Quiz noch nicht gespielt